APEC Schools

Young people encyclopedia 9 (Record no. 8642)

000 -LEADER
fixed length control field nam a22 7a 4500
005 - DATE AND TIME OF LATEST TRANSACTION
control field 20200122055738.0
008 - FIXED-LENGTH DATA ELEMENTS--GENERAL INFORMATION
fixed length control field 200122b xxu||||| |||| 00| 0 eng d
020 ## - IDENTIFIER FOR THE MANIFESTATION
Binding hard bound
040 ## - CATALOGING SOURCE
Language of Cataloging eng
Transcribing Agency APEC Schools Library
Description Conventions rda
082 ## - DEWEY DECIMAL CLASSIFICATION NUMBER
Classification number Ref 903
Author's Number Y841s 1990 v.9
245 ## - TITLE AND STATEMENT OF RESPONSIBILITY
Preferred Title Proper Young people encyclopedia 9
264 ## - PUBLICATION STATEMENT
Place of publication, distribution, etc USA :
Copyright ©1990.
300 ## - PHYSICAL DESCRIPTION
Extent 897 pages :
Illustrative Content colored illustrations ;
336 ## - RDA CONTENT
Source rdacontent
Content Type text
337 ## - RDA MEDIA
Source rdamedia
Media Type unmediated
338 ## - RDA CARRIER
Source rdacarrier
Carrier Type volume
650 ## - ADDED SUBJECT ACCESS POINT - TOPICAL TERM
Topical Term Science.
650 ## - ADDED SUBJECT ACCESS POINT - TOPICAL TERM
Topical Term Children's encyclopedias and dictionaries.
942 ## - ADDED ENTRY ELEMENTS (KOHA)
Source of Classification
Koha Item Type Non Fiction
Holdings
Library Site Location Shelving Location Source of Acquisition Full Classification Number Accession Number Koha Item Type
APEC Dasmarinas Library APEC Dasmarinas Library Reference Institutional Fund Ref 903 Y841s 1990 v.9 B03-0000435 Reference

Powered by Koha